书目信息 |
| 题名: |
全球化背景下的亚太城市
|
|
| 作者: | 杨汝万 著 | |
| 分册: | ||
| 出版信息: | 北京 科学出版社 2004 |
|
| 页数: | 240页 | |
| 开本: | 26cm | |
| 丛书名: | 北京大学地理科学丛书 | |
| 单 册: | ||
| 中图分类: | F299.1 | |
| 科图分类: | ||
| 主题词: | 城市经济--研究--亚太地区 , 城市经济 | |
| 电子资源: | ||
| ISBN: | 7-03-013535-0 | |
| 000 | 00908oam2 2200265 450 | |
| 001 | 002690648 | |
| 005 | 20070805081352.76 | |
| 010 | @a7-03-013535-0@dCNY50.00 | |
| 100 | @a20040726d2004 emky0chiy0110 ea | |
| 101 | 0 | @achi |
| 102 | @aCN@b110000 | |
| 105 | @ay z 001yy | |
| 106 | @ar | |
| 200 | 1 | @a全球化背景下的亚太城市@Aquan qiu hua bei jing xia de ya tai cheng shi@f杨汝万著@Fyang ru wan zhu |
| 210 | @a北京@c科学出版社@d2004 | |
| 215 | @a240页@d26cm | |
| 225 | 2 | @a北京大学地理科学丛书@Abei jing da xue di li ke xue cong shu |
| 330 | @a本书收集作者近年涉及全球化和亚太区城市剧变的论文18篇,分三部分:全球化和城市转型、过渡中的亚太区、中国城市的剧变。 | |
| 461 | 0 | @1001002690653@12001 @a北京大学地理科学丛书 |
| 606 | 0 | @a城市经济@x研究@y亚太地区 |
| 606 | 0 | @a城市经济 |
| 690 | @aF299.1@v4 | |
| 701 | 0 | @a杨汝万@Ayang ru wan@4著 |
| 801 | 0 | @aCN@bNLC@c20070805 |
| 905 | @dF299.1@e699@f4 | |
| 全球化背景下的亚太城市/杨汝万著.-北京:科学出版社,2004 |
| 240页;26cm.-(北京大学地理科学丛书) |
| ISBN 7-03-013535-0:CNY50.00 |
| 本书收集作者近年涉及全球化和亚太区城市剧变的论文18篇,分三部分:全球化和城市转型、过渡中的亚太区、中国城市的剧变。 |
| ● |
| 相关链接 |
|
|
|
|
正题名:全球化背景下的亚太城市
索取号:F299.1/699
 
预约/预借
| 序号 | 登录号 | 条形码 | 馆藏地/架位号 | 状态 | 备注 |
| 1 | 0851839 | 208518399 | 第一样本阅览室/ [索取号:F299.1/699] | 在馆 | |
| 2 | 0851840 | 208518406 | 第一借阅区/ [索取号:F299.1/699] | 在馆 | |
| 3 | 0851841 | 208518415 | 第一借阅区/ [索取号:F299.1/699] | 在馆 | |
| 4 | 0851842 | 208518424 | 第一借阅区/ [索取号:F299.1/699] | 在馆 |